Crise hídrica: esse assunto é coisa do passado? (Registro n. 328879)
[ somente texto ]
| 000 -LÍDER | |
|---|---|
| fixed length control field | 01236nab a2200397 4500 |
| 003 - CÓDIGO MARC DA AGÊNCIA CATALOGADORA | |
| Campo de controle | BR-BrBNA |
| 005 - DATA E HORA DA ÚLTIMA ATUALIZAÇÃO | |
| Campo de controle | 20241127155136.0 |
| 008 - CAMPO DE TAMANHO FIXO | |
| fixed length control field | 241127b bl.||||| |||| 00| 0 por d |
| 040 ## - FONTE DA CATALOGAÇÃO | |
| Agência catalogadora | BR-BrBNA |
| Idioma da catalogação | por |
| 072 ## - CATEGORIA AGRIS | |
| Código AGRIS | P40 ; F01 |
| 100 ## - ENTRADA PRINCIPAL - NOME PESSOAL | |
| Nome pessoal | Rocha, Ana Clara Souza |
| 100 ## - ENTRADA PRINCIPAL - NOME PESSOAL | |
| Nome pessoal | Brito Júnior, Jair de Souza |
| 100 ## - ENTRADA PRINCIPAL - NOME PESSOAL | |
| Nome pessoal | Sabio, Renata Pozelli |
| 245 ## - TÍTULO PRINCIPAL | |
| Título principal | Crise hídrica: esse assunto é coisa do passado? |
| 500 ## - NOTA GERAL | |
| Nota geral | 23 illus.; 3 tables; 4 graphs |
| 942 ## - ADDED ENTRY ELEMENTS (KOHA) | |
| Koha item type | Analítica |
| 520 ## - NOTA DE RESUMO | |
| Nota de conteúdo | CRISE HÍDRICA |
| 520 ## - NOTA DE RESUMO | |
| Nota de conteúdo | FENÔMENO CLIMÁTICO |
| 520 ## - NOTA DE RESUMO | |
| Nota de conteúdo | USO RACIONAL |
| 520 ## - NOTA DE RESUMO | |
| Nota de conteúdo | EVOLUÇÃO TECNOLÓGICA |
| 650 ## - ASSUNTO - THESAGRO | |
| Cabeçalho tópico ou nome geográfico | METEOROLOGIA |
| 650 ## - ASSUNTO - THESAGRO | |
| Cabeçalho tópico ou nome geográfico | ÁGUA |
| 650 ## - ASSUNTO - THESAGRO | |
| Cabeçalho tópico ou nome geográfico | SECA |
| 650 ## - ASSUNTO - THESAGRO | |
| Cabeçalho tópico ou nome geográfico | PLANTIO |
| 650 ## - ASSUNTO - THESAGRO | |
| Cabeçalho tópico ou nome geográfico | BACIA HIDROGRÁFICA |
| 650 ## - ASSUNTO - THESAGRO | |
| Cabeçalho tópico ou nome geográfico | RESERVATÓRIO |
| 650 ## - ASSUNTO - THESAGRO | |
| Cabeçalho tópico ou nome geográfico | RIO |
| 650 ## - ASSUNTO - THESAGRO | |
| Cabeçalho tópico ou nome geográfico | IRRIGAÇÃO |
| 650 ## - ASSUNTO - THESAGRO | |
| Cabeçalho tópico ou nome geográfico | CHUVA |
| 650 ## - ASSUNTO - THESAGRO | |
| Cabeçalho tópico ou nome geográfico | ABASTECIMENTO DE ÁGUA |
| 650 ## - ASSUNTO - THESAGRO | |
| Cabeçalho tópico ou nome geográfico | DISPONIBILIDADE DE ÁGUA |
| 650 ## - ASSUNTO - THESAGRO | |
| Cabeçalho tópico ou nome geográfico | PRODUÇÃO AGRÍCOLA |
| 650 ## - ASSUNTO - THESAGRO | |
| Cabeçalho tópico ou nome geográfico | IMPACTO ECONÔMICO |
| 773 0# - ENTRADA ANALÍTICA | |
| Host Biblionumber | 4115 |
| Registro do item | 346212 |
| Imprenta | Piracicaba-SP Centro de Estudos Avançados em Economia Aplicada-CEPEA/USP/ESALQ 2002 |
| Outro identificador | 2024-6868 |
| Título | Hortifruti Brasil (Brazil) |
| ISSN | 1981-1837 |
| Colação | v. 14(154) p. 10-19; (Mar 2016) |
| Número de controle de registro | BR2024003597 |
Nenhum exemplar disponível.

BINAGRI